Kinh doanh dịch vụ tại Việt Nam : Tự tay vận hành hoạt động marketing của bạn

Cuốn sách trình bày giá trị của kinh doanh dịch vụ tại Việt Nam, nêu ra những sai lầm thực tế của doanh nghiệp dịch vụ tại Việt Nam, nội dung đúc kết từ hơn 20 năm tư vấn chuyên sâu của tác giả, các giải pháp tối ưu cung cấp dịch vụ, nghiên c...

Полное описание

Сохранить в:
Библиографические подробности
Главный автор: Nguyễn Thị Hoàng Yến
Формат:
Язык:Vietnamese
Опубликовано: H. Dân Trí 2024
Предметы:
Метки: Добавить метку
Нет меток, Требуется 1-ая метка записи!
Thư viện lưu trữ: Thư viện Trường Đại học Nam Cần Thơ
LEADER 01410nam a22002057a 4500
001 NCT_4_019399
008 250513b xxu||||| |||| 00| 0 vie d
999 |c 8943  |d 8943 
020 |a 9786044008219  |c 190000 
082 0 4 |2 23rd ed.  |a 658.8  |b Y600 
100 1 |a Nguyễn Thị Hoàng Yến 
245 1 0 |a Kinh doanh dịch vụ tại Việt Nam :  |b Tự tay vận hành hoạt động marketing của bạn  |c Nguyễn Thị Hoàng Yến 
260 |a H.  |b Dân Trí  |c 2024 
300 |a 356 tr.  |b Minh họa  |c 22 cm 
520 3 |a Cuốn sách trình bày giá trị của kinh doanh dịch vụ tại Việt Nam, nêu ra những sai lầm thực tế của doanh nghiệp dịch vụ tại Việt Nam, nội dung đúc kết từ hơn 20 năm tư vấn chuyên sâu của tác giả, các giải pháp tối ưu cung cấp dịch vụ, nghiên cứu và cải thiện chất lượng dịch vụ khách hàng 
653 |a Quản trị kinh doanh 
942 |2 ddc  |c BK 
952 |0 0  |1 0  |2 ddc  |4 0  |6 658_800000000000000_Y600  |7 0  |9 30677  |a 000001  |b 000001  |d 2025-05-13  |o 658.8 Y600  |p MD.23789  |r 2025-05-13  |v 190000.00  |w 2025-05-13  |y BK 
952 |0 0  |1 0  |2 ddc  |4 0  |6 658_800000000000000_Y600  |7 0  |9 30678  |a 000001  |b 000001  |d 2025-05-13  |l 1  |o 658.8 Y600  |p MD.23790  |r 2025-09-26  |s 2025-09-19  |v 190000.00  |w 2025-05-13  |y BK 
980 |a Thư viện Trường Đại học Nam Cần Thơ